Colour in the Flag Map by Guessing Cities #2 - Statistics

General Stats
  • This quiz has been taken 49,741 times
  • The average score is 11 of 20
Answers on the Map
Answers color-coded by a green-red scale on the quiz's map according to % correct below.
 
Answer Stats
Pop City % Correct
14.2 m London
97%
6.79 m Madrid
94%
1.17 m Dublin
93%
1.59 m Oslo
91%
5.47 m Barcelona
90%
5.92 m Toronto
88%
10.0 m Lima
81%
2.46 m Vancouver
79%
4.33 m Birmingham
65%
1.52 m Seville
61%
210 k Cork
59%
1.04 m Bilbao
51%
420 k Bergen
47%
778 k Winnipeg
42%
79.9 k Galway
31%
1.38 m Nottingham
22%
319 k Stavanger
17%
1.03 m Arequipa
12%
962 k Trujillo
8%
13.7 k Thompson
4%
No matching quizzes found
Score Distribution
Percent of People with Each Score
Percentile by Number Answered
Your Score History
You have not taken this quiz